00454pab a2200145 454500008004000000100002300040245010400063260000900167300001200176650001700188650004000205650002000245700001600265773002700281180718b2001 xxu||||| |||| 00| 0 eng d aO'Sulivan, Deborah aPolicy decision making models in practice: a case study of the Western Australian "Sentencing Acts" c2001 ap.56-70 aCase studies aDecision making - Western Australia aDecision making aDown, Barry aPolicy Studies Journal